000 00304nam a22001217a 4500
082 _a621.39732 STR'S
100 _aSIRK, W. U
_979778
245 _aSTREES AND STRAIN IN METAL ROLLING
260 _aMOSCOW
_bMIR
_c1967
300 _a475P
650 _aMETAL ROLLING-STREES AND STRAIN
_979779
942 _cBK
999 _c584773
_d584773